BPM a jeho postavenie medzi inf. technológiami diplomová práca

Na minha lista:
Detalhes bibliográficos
Autor principal: Marko, Peter
Autor Corporativo: Fakulta hospodárskej informatiky EU. Katedra aplikovanej informatiky
Outros Autores: Schmidt, Peter, 1968-
Formato: Livro
Idioma:eslovaco
Publicado em: Bratislava 2011
Tags: Adicionar Tag
Sem tags, seja o primeiro a adicionar uma tag!

MARC

LEADER 00000nbm a2200000 4500
001 0140811
005 20161109101952.2
041 0 |a slo 
044 |a SK 
245 1 0 |a BPM a jeho postavenie medzi inf. technológiami  |b diplomová práca  |c Peter Marko ; školiteľ: Peter Schmidt 
264 1 |a Bratislava  |c 2011 
300 |a 65 s. 
100 1 |a Marko, Peter 
700 1 |a Schmidt, Peter, 1968- 
710 2 |a Fakulta hospodárskej informatiky EU. Katedra aplikovanej informatiky